Mexico : Staff Report for the 2002 Article IV Consultation.

This 2002 Article IV Consultation highlights that the economic slowdown in the United States triggered a sharp weakening in Mexican economic activity in 2001 from the rapid pace in the preceding year. There was also a marked deceleration in domestic demand growth, as disposable income was adversely...

Descripción completa

Detalles Bibliográficos
Autor Corporativo: International Monetary Fund
Formato: Revista
Lenguaje:English
Publicado: Washington, D.C. : International Monetary Fund, 2002.
Colección:IMF Staff Country Reports; Country Report ; No. 2002/237
Acceso en línea:Full text available on IMF
LEADER 01586cas a2200241 a 4500
001 AALejournalIMF002183
008 230101c9999 xx r poo 0 0eng d
020 |c 5.00 USD 
020 |z 9781451825589 
022 |a 1934-7685 
040 |a BD-DhAAL  |c BD-DhAAL 
110 2 |a International Monetary Fund. 
245 1 0 |a Mexico :   |b Staff Report for the 2002 Article IV Consultation. 
264 1 |a Washington, D.C. :  |b International Monetary Fund,  |c 2002. 
300 |a 1 online resource (74 pages) 
490 1 |a IMF Staff Country Reports 
500 |a <strong>Off-Campus Access:</strong> No User ID or Password Required 
500 |a <strong>On-Campus Access:</strong> No User ID or Password Required 
506 |a Electronic access restricted to authorized BRAC University faculty, staff and students 
520 3 |a This 2002 Article IV Consultation highlights that the economic slowdown in the United States triggered a sharp weakening in Mexican economic activity in 2001 from the rapid pace in the preceding year. There was also a marked deceleration in domestic demand growth, as disposable income was adversely affected by a contraction in employment and confidence sagged. Economic activity rebounded strongly in the second quarter of 2002, as exports were supported by stronger demand from the United States and final domestic demand grew sharply. 
538 |a Mode of access: Internet 
830 0 |a IMF Staff Country Reports; Country Report ;  |v No. 2002/237 
856 4 0 |z Full text available on IMF  |u http://elibrary.imf.org/view/journals/002/2002/237/002.2002.issue-237-en.xml  |z IMF e-Library